La Biblioteca pública municipal : directrices para las redes urbanas / dirección: Ester Omella Claparols y Jordi Permanyer Bastardas ; coordinación y texto: Enric Vilagrosa Alquézar directrices para las redes urbanas / dirección:
ISBN:
978-84-9803-412-7
Publicado:
Barcelona :
Diputació de Barcelona. Área de Cultura. Gerencia de Servicios de Bibliotecas ,
2010
Descripción Física:
66 p. ; 29 cm
Materias:
Biblioteques públiques -- Normes
MARC
| LEADER | 00000nam a2200000Ia 4500 | ||
|---|---|---|---|
| 001 | 22999 | ||
| 008 | 160829s2010 xx 000 0 cat d | ||
| 020 | |a 978-84-9803-412-7 | ||
| 080 | |a A-3-9 | ||
| 245 | |a La Biblioteca pública municipal : |b directrices para las redes urbanas / dirección: |b Ester Omella Claparols y Jordi Permanyer Bastardas ; coordinación y texto: |b Enric Vilagrosa Alquézar | ||
| 260 | |a Barcelona : |b Diputació de Barcelona. Área de Cultura. Gerencia de Servicios de Bibliotecas, |c 2010 | ||
| 300 | |a 66 p. ; |c 29 cm | ||
| 490 | |a Documentos de trabajo. Recursos culturales ; 11 | ||
| 590 | |a Bibliografia. | ||
| 590 | |a Hi ha un exemplar en català amb R. 22317 | ||
| 650 | |a Biblioteques públiques |x Normes |9 27701 | ||
| 700 | |a Omella i Claparols, Ester |e directora |9 1505 | ||
| 700 | |a Permanyer i Bastardas, Jordi |e director |9 42267 | ||
| 700 | |a Vilagrosa Alquézar, Enric |e coordinador |9 2308 | ||
| 710 | 1 | |a Barcelona (Catalunya : Província). |b Gerència de Serveis de Biblioteques |9 52661 | |
| 901 | |a Arxiu | ||
| 942 | |n 1 |2 udc | ||
| 952 | |0 0 |1 0 |4 0 |6 A39 |7 1 |9 53056 |a Arxiu |b Arxiu |d 2016-12-01 |l 0 |o A-3-9 |p 22999 |r 2016-12-01 00:00:00 |w 2016-12-01 |y ARXIU | ||
| 999 | |c 56905 |d 56905 | ||